|
|
|
|
| LEADER |
00000nab a2200000 a 4500 |
| 001 |
vtls011632524 |
| 003 |
SK-MaSNL |
| 005 |
20260525065350.0 |
| 008 |
170524c2016 xo wr n 0 0slo |
| 038 |
|
|
|a SLLK
|
| 040 |
|
|
|a SLLK
|b slo
|c sllk
|e AACR2
|
| 041 |
|
|
|a slo
|
| 044 |
|
|
|a xo
|c SK
|
| 080 |
|
|
|a 929 Bourbon
|2 2011
|
| 245 |
0 |
0 |
|a Unikátne stretnutie s Carmen
|c Text (hm) ; foto (archív Ľubovnianskeho múzea)
|
| 300 |
|
|
|b Fotogr.
|
| 600 |
2 |
7 |
|a Bourbon Siciles de, Carmen,
|d 1924-
|2 sllk
|9 1274134
|
| 600 |
3 |
7 |
|a Bourbon (rod)
|2 sllk
|9 361454
|
| 610 |
2 |
7 |
|a Ľubovnianske múzeum (Stará Ľubovňa, Slovensko)
|2 sllk
|9 33159
|
| 610 |
2 |
7 |
|a Priatelia hradu Ľubovňa (občianske združenie)
|2 sllk
|9 1101871
|
| 648 |
|
7 |
|a 2016
|2 snkbucl
|9 339798
|
| 650 |
0 |
7 |
|a verejné múzeá
|2 sllk
|9 49803
|
| 650 |
0 |
7 |
|a šľachtické rody
|2 sllk
|9 31798
|
| 651 |
|
7 |
|a Stará Ľubovňa (Slovensko)
|2 sllk
|9 19193
|
| 773 |
0 |
|
|t Ľubovnianske noviny
|g Roč. XLI., č. 41 (2016), s. 5
|x 1338-0346
|
| 999 |
|
|
|c 2526002
|d 2527932
|